000 00337nam a22001457a 4500
008 210511b ||||| |||| 00| 0 eng d
020 _a9781603844680
041 _aeng
080 _a101
082 _a101
100 _a24
101 _aFIL
245 _aIntroduction to Classical Chinese Philosophy
_cNorden,B.W.V
942 _2udc
_cBK
999 _c57148
_d57148